Statistics for History of Denmark

Click here to take the quiz!

General Stats

  • This quiz has been taken 835 times
    (467 since last reset)
  • The average score is 13 of 20

Answer Stats

QuestionAnswer% Correct
Which of the Shakespearean plays is about a Danish prince?Hamlet
95%
What toy company was founded by Ole Kirk Christiansen in Billund in 1932?Lego
93%
What country did Denmark have a union with from 1537–1814?Norway
92%
What Norse god had one eye and a long beard?Odin
89%
What country gained independence from Denmark in 1944?Iceland
88%
What king introduced Christianity to Denmark?
(hint: technology used in wireless headsets)
Harald {Bluetooth}
85%
What person was the first to discover Greenland?Erik the Red
78%
What group of Vikings settled France and went on to conquer England in 1066?Normans
77%
What U.S. state was Vitus Bering the first European to visit?Alaska
73%
What H.C. Andersen fairy tale was adapted into an animated movie by Disney in 1989?The Little Mermaid
70%
What historical figure did the newspaper Jyllands-Posten publish cartoons of in 2005?Muhammad
65%
In which modern-day African country was the Danish colony of Gold Coast founded?Ghana
64%
What theme park was opened in 1843 in Copenhagen?Tivoli Gardens
59%
What novel was published by Karen Blixen in 1937?Out of {Africa}
53%
What Danish quantum theorist won the 1922 Nobel Prize in Physics?Niels Bohr
52%
Who was crowned Queen of Denmark in 1972?Margrethe II
51%
Which of its territories did the U.S. purchase from Denmark in 1917?U.S. Virgin Islands
50%
Who is considered history's first existentialist philosopher?Søren Kierkegaard
46%
What king ruled over Norway, Denmark, and England in the early 11th century?{Cnut} the Great
40%
What filmmaking movement was created by directors Lars von Trier and
Thomas Vinterberg in 1995?
{Dogme} 95
15%

Score Distribution

Percentile by Number Answered

Percent of People with Each Score

Your Score History

You have not taken this quiz since the last reset